00383nam a2200169Ia 4500008004100000041001200041082001100053100002000064245002500084365000600109520001200115546001200127630002500139650001200164655001200176730002500188101110s9999 xx 000 0 und d aENGLISH bSR9187 aGeoffrey Chucer aThe Canterbury Tales b7 aEnglish aENGLISH aThe Canterbury Tales aEnglish aEnglish aThe Canterbury Tales